Don't Starve Vanilla Survivors by Title - Statistics

General Stats
  • This quiz has been taken 5 times
  • The average score is 8 of 9
Answer Stats
Don't Starve Survivor's Title (The _____) % Correct
Wendy The Bereaved
100%
Willow The Firestarter
100%
Wickerbottom The Librarian
100%
Woodie The Lumberjack
100%
WX-78 The Soulless Automaton
100%
Wolfgang The Strongman
100%
Wilson The Gentleman Scientist
80%
Maxwell The Puppet Master
60%
Wes The Silent
60%
No matching quizzes found
Score Distribution
Percent of People with Each Score
Percentile by Number Answered
Your Score History
You have not taken this quiz